| 000 | 01146nas a2200361 4500 | ||
|---|---|---|---|
| 001 | BR2019000921 | ||
| 003 | BR-BrBNA | ||
| 005 | 20231205131831.0 | ||
| 007 | ta | ||
| 008 | 230509b bl.|||p| |||| 00| 00por d | ||
| 040 |
_aBR-BrBNA _bpor _cBiblioteca Nacional de Agricultura |
||
| 041 | _a(En) | ||
| 072 | _aF30 | ||
| 100 | 1 | _aFollmann, D.N. | |
| 100 | 1 | _aSouza, V.Q. de | |
| 100 | 1 | _aCargnelutti Filho, A. | |
| 100 | 1 | _aDemari, G.H. | |
| 100 | 1 | _aNardino, M. | |
| 100 | 1 | _aOlivoto, T. | |
| 100 | 1 | _aCarvalho, I.R. | |
| 100 | 1 | _aSilva, A.D.B. | |
| 100 | 1 | _aMeira, D. | |
| 100 | 1 | _aMeier, C. | |
| 245 | 1 | _aAgronomic performance and genetic dissimilarity of second-harvest soybean cultivars using REML/BLUP and Gower's algorithm | |
| 650 | _aSOJA | ||
| 650 | _aCOMPORTAMENTO DE VARIEDADE | ||
| 650 | _aVARIAÇÃO GENÉTICA | ||
| 650 | _aMELHORAMENTO VEGETAL | ||
| 773 | 0 |
_tBragantia (Brazil) _xISSN 1678-4499 _g(Apr-Jun 2019), v. 78(2) p. 197-207 _wBR2019000921 |
|
| 856 | 4 | 0 | _uhttp://www.scielo.br/pdf/brag/v78n2/0006-8705-brag-1678-449920180194.pdf |
| 909 |
_a202311 _bLúcia _c55 _dLúcia Elande |
||
| 942 |
_2AGRIS _n0 _cANA |
||
| 999 |
_c256979 _d256979 |
||